| 000 | 00813cam a22002533a 4500 | ||
|---|---|---|---|
| 001 | 14157 | ||
| 003 | PGUSA | ||
| 005 | 20140828083313.0 | ||
| 008 | 041126s2004||||xxu|||||s|||||000 1 eng d | ||
| 040 |
_aPGUSA _beng |
||
| 042 | _adc | ||
| 050 | 4 | _aPQ | |
| 100 | 1 |
_aFlaubert, Gustave, _d1821-1880 |
|
| 245 | 1 | 0 |
_aBouvard et Pécuchet _h[electronic resource] / _cGustave Flaubert |
| 260 |
_bProject Gutenberg, _c2004 |
||
| 506 | _aPublic domain in the USA. | ||
| 516 | _aElectronic text | ||
| 653 | _aMiddle class -- France -- History -- 19th century -- Fiction | ||
| 653 | _aFrance -- Social life and customs -- 19th century -- Fiction | ||
| 653 | _aMiddle class -- France -- Retirement -- Fiction | ||
| 830 | 0 |
_aProject Gutenberg _v14157 |
|
| 856 | 4 | 0 | _uhttp://www.gutenberg.org/ebooks/14157 |
| 942 | _cEB | ||
| 999 |
_c243412 _d243412 |
||